| 000 | 02684cam a22003615a 4500 | ||
|---|---|---|---|
| 001 | E152556 | ||
| 005 | 20250929140726.0 | ||
| 008 | 110328s2010 xxk 000 0 eng u | ||
| 020 | _a9781842195635 | ||
| 035 | _a(Sirsi) u152556 | ||
| 041 | 0 | _aeng | |
| 050 | 0 | 4 | _a658.404 $2 18 |
| 110 | 2 |
_aRoyal Institution of Chartered Surveyors _94900 |
|
| 245 | 0 | 0 |
_aE-tendering _bRICS guidance note |
| 250 | _a2nd ed. | ||
| 260 |
_aCoventry _bRICS Books _c2010 |
||
| 300 |
_aviii, 40p. _c30cm. |
||
| 490 |
_aRICS Guidance Note _vGN 22/2010 |
||
| 490 | _aRICS Practice Information | ||
| 490 | 0 | _aRICS Black Book | |
| 520 | _aLooks at the complete process of e-tendering from the initial enquiry through to tender acceptance and withdrawal. Considers perceived barriers to e-tendering and examines the benefits and problems associated with different electronic formats. Fully updated to take account of the groeth of e-tendering and the introduction of the RICS e-terndering system. Includes a glossary, sample materials, checklists and sources of further information. | ||
| 520 | _aThis document was reissued in September 2025 as practice information. It had previously been published in December 2010 as a guidance note. The regulatory requirements remain the same and no material changes have been made to the document, except for removal of references to the RICS eTendering system, which is no longer available. For more information on the document category changes, see Upholding professional standards. Care has been taken not to update the technical content of the material because of the considerable extent of change that has taken place in the 15 years since the original publication in 2010. This also includes leaving unchanged references to bodies or organisations that no longer exist and/or have changed their name. As this practice information is part of the RICS Quantity Surveying & Construction Standards (the Black Book), it will be comprehensively updated as part of the 2025/2026 Black Book review. | ||
| 520 | _aSupersedes first edition (ISBN 1842192345). | ||
| 590 | _aKA | ||
| 650 | 2 | 4 | _aRICS BLACK BOOK |
| 650 | 2 | 4 | _aRICS QS AND CONSTRUCTION STANDARDS |
| 651 | 4 | _aUnited Kingdom | |
| 690 |
_aProcurement _96260 |
||
| 856 | 4 | 1 |
_uhttps://www.rics.org/uk/upholding-professional-standards/sector-standards/construction/black-book/e-tendering/ _zOverview on RICS.org |
| 856 | 4 | 1 |
_uhttps://www.rics.org/content/dam/ricsglobal/documents/standards/etendering_2nd_edition_rics.pdf _z2010 version |
| 856 | 4 | 1 |
_uhttps://www.rics.org/content/dam/ricsglobal/documents/standards/E-tendering_2nd-edition.pdf _zPractice Information PDF |
| 942 |
_n0 _2ddc |
||
| 999 |
_c112109 _d112109 |
||